[Event "IND-ch U15 Girls"]
[Site "New Delhi"]
[Date "2010.09.12"]
[Round "11"]
[White "Agnihotri, Ghosh"]
[Black "Rathore, Sonakshi"]
[Result "1/2-1/2"]
[WhiteElo "1795"]
[BlackElo "1947"]
[PlyCount "111"]
[EventDate "2010.09.04"]
[EventType "swiss"]
[EventRounds "11"]
[EventCountry "IND"]
[SourceTitle "CBM 138 Extra"]
[Source "ChessBase"]
[SourceDate "2010.10.29"]
[SourceVersion "1"]
[SourceVersionDate "2010.10.29"]
[SourceQuality "1"]

1. e4 d5 2. exd5 Qxd5 3. Nf3 Bg4 4. Be2 Nc6 5. d4 0-0-0 6. Be3 e6 7. 0-0 f5 8. Ng5 Bxe2 9. Qxe2 Qd7 10. Qc4 Re8 11. Nc3 Bd6 12. Nb5 h6 13. Nf3 f4 14. Bd2 Nge7 15. Rfe1 Nf5 16. Rad1 g5 17. Qa4 a6 18. Nxd6+ cxd6 19. Bc3 Rhg8 20. d5 exd5 21. Rxd5 Rxe1+ 22. Nxe1 Re8 23. Rd1 Qf7 24. Qb3 Qg6 25. Qd5 Nce7 26. Qc4+ Kb8 27. Bb4 d5 28. Qd3 Nc6 29. Bc5 Qe6 30. Kf1 d4 31. Nf3 Ne5 32. Nxd4 Nxd3 33. Nxe6 Nxb2 34. Re1 Nc4 35. Re2 b6 36. Nd4 Nfe3+ 37. fxe3 bxc5 38. Nf5 Nxe3+ 39. Nxe3 fxe3 40. g4 Kc7 41. Kg2 Re4 42. h3 Ra4 43. Kf3 Rxa2 44. Kxe3 Ra3+ 45. Ke4 Rxh3 46. Kd5 Rc3 47. Re6 Kb7 48. Rxh6 a5 49. Rh1 Rxc2 50. Rb1+ Ka6 51. Kc6 c4 52. Rb6+ Ka7 53. Rb7+ Ka8 54. Rb5 Ra2 55. Kc7 c3 56. Rb8+ 1/2-1/2

[Event "IND-ch U15 Girls"]
[Site "New Delhi"]
[Date "2010.09.11"]
[Round "10"]
[White "Pratyusha, Bodda"]
[Black "Agnihotri, Ghosh"]
[Result "1-0"]
[WhiteElo "2086"]
[BlackElo "1795"]
[PlyCount "75"]
[EventDate "2010.09.04"]
[EventType "swiss"]
[EventRounds "11"]
[EventCountry "IND"]
[SourceTitle "CBM 138 Extra"]
[Source "ChessBase"]
[SourceDate "2010.10.29"]
[SourceVersion "1"]
[SourceVersionDate "2010.10.29"]
[SourceQuality "1"]

1. e4 c5 2. Nc3 Nc6 3. Bb5 g6 4. Bxc6 bxc6 5. d3 Bg7 6. Be3 Qa5 7. Bd2 Rb8 8. Rb1 Ba6 9. Nge2 Qd8 10. b3 d5 11. Na4 Qd6 12. c4 Nf6 13. e5 Qxe5 14. Bf4 Qf5 15. Bxb8 0-0 16. Bg3 Rd8 17. Bc7 Rd7 18. Nxc5 Rxc7 19. Nxa6 Rd7 20. c5 Ng4 21. 0-0 Be5 22. Ng3 Qg5 23. Qf3 h5 24. h3 Nf6 25. b4 Qh4 26. b5 cxb5 27. Rb4 Qg5 28. Ne2 Ne8 29. Qe3 Qf6 30. c6 Qxc6 31. Qxe5 Qxa6 32. Qb8 Kf8 33. Rc1 Qd6 34. Rxb5 e6 35. Rc8 Qxb8 36. Rbxb8 Re7 37. Nd4 e5 38. Nb5 1-0

[Event "IND-ch U15 Girls"]
[Site "New Delhi"]
[Date "2010.09.10"]
[Round "9"]
[White "Agnihotri, Ghosh"]
[Black "Lasya, Goli"]
[Result "1-0"]
[WhiteElo "1795"]
[BlackElo "1883"]
[PlyCount "69"]
[EventDate "2010.09.04"]
[EventType "swiss"]
[EventRounds "11"]
[EventCountry "IND"]
[SourceTitle "CBM 138 Extra"]
[Source "ChessBase"]
[SourceDate "2010.10.29"]
[SourceVersion "1"]
[SourceVersionDate "2010.10.29"]
[SourceQuality "1"]

1. e4 c5 2. Nc3 Nc6 3. g3 g6 4. Bg2 Bg7 5. d3 d6 6. Be3 Nd4 7. Qd2 Qa5 8. f4 e6 9. Nf3 Ne7 10. 0-0 Nec6 11. Ne1 0-0 12. Nd1 Qd8 13. c3 Nb5 14. Nf3 b6 15. d4 Ba6 16. Re1 Rc8 17. Nf2 cxd4 18. cxd4 e5 19. fxe5 dxe5 20. d5 Na5 21. b3 f5 22. Bh6 Qd6 23. Bxg7 Kxg7 24. Ng5 Nd4 25. exf5 gxf5 26. Rad1 h6 27. Nf3 Rc2 28. Qe3 Ne2+ 29. Kh1 f4 30. Qe4 Rxa2 31. Nh4 fxg3 32. Qg4+ Kf7 33. Ne4 Qd8 34. Qg6+ Ke7 35. Qe6# 1-0

[Event "IND-ch U15 Girls"]
[Site "New Delhi"]
[Date "2010.09.09"]
[Round "8"]
[White "Agnihotri, Ghosh"]
[Black "Anjana Krishna, Sreela"]
[Result "1-0"]
[WhiteElo "1795"]
[BlackElo "1894"]
[PlyCount "129"]
[EventDate "2010.09.04"]
[EventType "swiss"]
[EventRounds "11"]
[EventCountry "IND"]
[SourceTitle "CBM 138 Extra"]
[Source "ChessBase"]
[SourceDate "2010.10.29"]
[SourceVersion "1"]
[SourceVersionDate "2010.10.29"]
[SourceQuality "1"]

1. e4 e5 2. Nf3 Nc6 3. Bb5 a6 4. Ba4 Nf6 5. 0-0 Be7 6. Re1 b5 7. Bb3 d6 8. h3 0-0 9. c3 Nb8 10. d4 Nbd7 11. Nbd2 Bb7 12. Bc2 Re8 13. Nf1 Bf8 14. Ng3 g6 15. Bd2 h6 16. Nh2 c5 17. d5 Kh7 18. Ng4 Bg7 19. Nf1 c4 20. Nfh2 Ng8 21. Qf3 Qe7 22. Qg3 h5 23. Ne3 Bh6 24. Nef1 Bxd2 25. Nxd2 Ngf6 26. Nhf3 Kg7 27. Nh4 Kh8 28. Ndf3 Nh7 29. Nd2 Nc5 30. a4 Qf6 31. Rf1 Qg7 32. f4 exf4 33. Rxf4 Qe5 34. Ndf3 Qe7 35. e5 Bxd5 36. exd6 Qe3+ 37. Kh2 g5 38. Rf5 gxh4 39. Qxh4 Bxf3 40. Rxf3 Qe5+ 41. Kh1 Qg5 42. Qd4+ f6 43. Rf5 Ne6 44. Qd5 Qg7 45. axb5 a5 46. b6 Rab8 47. Re1 Qf7 48. d7 Re7 49. Rxe6 Qxe6 50. d8Q+ Rxd8 51. Qxd8+ Re8 52. Qd4 Qe1+ 53. Kh2 h4 54. Qf2 Qe2 55. Qxe2 Rxe2 56. Ba4 Re7 57. Rxa5 Nf8 58. Ra7 Re6 59. b7 Rb6 60. Bc6 Ne6 61. Ra8+ Kg7 62. b8Q Rxb8 63. Rxb8 Nc5 64. Bd5 Na6 65. Rb7+ 1-0

[Event "IND-ch U15 Girls"]
[Site "New Delhi"]
[Date "2010.09.08"]
[Round "7"]
[White "Andria, LD Souza"]
[Black "Agnihotri, Ghosh"]
[Result "0-1"]
[WhiteElo "1696"]
[BlackElo "1795"]
[PlyCount "118"]
[EventDate "2010.09.04"]
[EventType "swiss"]
[EventRounds "11"]
[EventCountry "IND"]
[SourceTitle "CBM 138 Extra"]
[Source "ChessBase"]
[SourceDate "2010.10.29"]
[SourceVersion "1"]
[SourceVersionDate "2010.10.29"]
[SourceQuality "1"]

1. e4 c5 2. Nf3 Nc6 3. d3 e6 4. g3 d5 5. Nbd2 Nf6 6. Bg2 Be7 7. 0-0 0-0 8. c3 Qc7 9. Qe2 Rd8 10. Ne1 b5 11. f4 Rb8 12. Nef3 b4 13. e5 Nd7 14. d4 bxc3 15. bxc3 cxd4 16. Nxd4 Nxd4 17. cxd4 Qc3 18. Rb1 Qxd4+ 19. Kh1 Rxb1 20. Nxb1 Qb6 21. Qb2 Qxb2 22. Bxb2 Ba6 23. Rd1 Rc8 24. Bd4 Bc5 25. Bb2 Nb6 26. Nd2 Nc4 27. Nxc4 Bxc4 28. Ra1 Rb8 29. Bc3 Kf8 30. Bh3 d4 31. Be1 Rb2 32. Rc1 Bd5+ 33. Kg1 Bb6 34. Bf2 Rxa2 35. Rd1 Ra4 36. Bf1 Ke7 37. Bd3 h6 38. Kf1 Bc4 39. Ke2 Bxd3+ 40. Kxd3 f6 41. Bg1 f5 42. Bf2 Kd7 43. Rc1 Ra3+ 44. Kc4 Rc3+ 45. Rxc3 dxc3 46. Be1 c2 47. Bd2 Bg1 48. h3 h5 49. Kd3 Bf2 50. Kxc2 Bxg3 51. Be3 Kc6 52. Kc3 Kd5 53. Kd3 a5 54. Bd2 a4 55. Ke3 a3 56. Kf3 a2 57. Bc3 Kc4 58. Ba1 Be1 59. Ke3 Bc3 0-1

[Event "IND-ch U15 Girls"]
[Site "New Delhi"]
[Date "2010.09.07"]
[Round "5"]
[White "Priya, VSS"]
[Black "Agnihotri, Ghosh"]
[Result "1/2-1/2"]
[WhiteElo "1664"]
[BlackElo "1795"]
[PlyCount "46"]
[EventDate "2010.09.04"]
[EventType "swiss"]
[EventRounds "11"]
[EventCountry "IND"]
[SourceTitle "CBM 138 Extra"]
[Source "ChessBase"]
[SourceDate "2010.10.29"]
[SourceVersion "1"]
[SourceVersionDate "2010.10.29"]
[SourceQuality "1"]

1. d4 Nf6 2. Nf3 d6 3. Bf4 g6 4. e3 Bg7 5. h3 Nbd7 6. Be2 0-0 7. 0-0 Nd5 8. Bh2 N7f6 9. c4 Nb6 10. Nc3 Bf5 11. Rc1 c6 12. b4 a5 13. a3 Qd7 14. Qb3 axb4 15. axb4 Ra7 16. Ra1 Rfa8 17. Ra5 Rxa5 18. bxa5 Nc8 19. Ra1 Ne4 20. Nxe4 Bxe4 21. Nd2 Bf5 22. Ra3 Qc7 23. Qa2 c5 1/2-1/2

[Event "IND-ch U15"]
[Site "Mumbai"]
[Date "2009.11.02"]
[Round "4"]
[White "Rathore, Sonakshi"]
[Black "Agnihotri, Ghosh"]
[Result "1/2-1/2"]
[WhiteElo "1960"]
[BlackElo "1785"]
[PlyCount "99"]
[EventDate "2009.11.01"]
[EventType "swiss"]
[EventRounds "11"]
[EventCountry "IND"]
[SourceTitle "EXT 2011"]
[Source "ChessBase"]
[SourceDate "2010.11.26"]
[SourceVersion "1"]
[SourceVersionDate "2010.11.26"]
[SourceQuality "1"]

1. e4 c5 2. c3 d5 3. exd5 Qxd5 4. d4 Nc6 5. Nf3 Bg4 6. Be2 cxd4 7. cxd4 e6 8. 0-0 Nf6 9. Nc3 Qd6 10. Be3 Be7 11. Qb3 Qb4 12. Qxb4 Bxb4 13. h3 Bh5 14. Rfd1 Rd8 15. a3 Be7 16. g4 Bg6 17. Ne5 Nd5 18. Nxd5 Rxd5 19. Nxc6 bxc6 20. Bf3 Rd6 21. Bf4 Rd8 22. Bxc6+ Kf8 23. Rac1 Bd6 24. Bxd6+ Rxd6 25. Ba4 Ke7 26. g5 Rb8 27. Rc7+ Kd8 28. Rdc1 Rxd4 29. Rxa7 Rxb2 30. Ra8+ Ke7 31. Re8+ Kd6 32. Rd8+ Ke5 33. f4+ Rxf4 34. Rc5+ Ke4 35. Bc2+ Rxc2 36. Rxc2 Rf3 37. Rc4+ Ke5 38. Rc5+ Ke4 39. Rc4+ Ke5 40. a4 Rxh3 41. Kg2 Ra3 42. Rc5+ Kf4 43. Rc4+ Kxg5 44. Rdd4 e5 45. Rd5 f6 46. Rd7 Kh6 47. Rh4+ Kg5 48. Rc4 Kh6 49. Rh4+ Kg5 50. Rc4 1/2-1/2

[Event "IND-ch U17 Girls 20th"]
[Site "Chakradharpur"]
[Date "2009.10.13"]
[Round "10"]
[White "Agnihotri, Ghosh"]
[Black "Soukhin, Pramanik"]
[Result "0-1"]
[WhiteElo "1771"]
[BlackElo "1847"]
[PlyCount "72"]
[EventDate "2009.10.07"]
[EventType "swiss"]
[EventRounds "11"]
[EventCountry "IND"]
[SourceTitle "CBM 132 Extra"]
[Source "ChessBase"]
[SourceDate "2009.11.03"]
[SourceVersion "1"]
[SourceVersionDate "2009.11.03"]
[SourceQuality "1"]

1. e4 e5 2. Nf3 Nc6 3. Bb5 a6 4. Ba4 Nf6 5. 0-0 Bc5 6. d3 b5 7. Bb3 d6 8. h3 h6 9. c3 0-0 10. Re1 Re8 11. Nbd2 Bb6 12. Nf1 Na5 13. Bc2 Bb7 14. Ng3 Nc6 15. Nf5 Ne7 16. N3h4 Nxf5 17. Nxf5 d5 18. Qf3 Bc8 19. exd5 Qxd5 20. Nxh6+ gxh6 21. Qxf6 Re6 22. Qh4 Rg6 23. g4 Bb7 24. Re4 Qd6 25. Re1 f5 26. d4 e4 27. Bb3+ Kg7 28. Be3 f4 29. Bd2 Rf8 30. Kh2 e3 31. Bc1 c6 32. Kg1 Bd8 33. Qh5 Rg5 34. Qh4 Rd5 35. Qxd8 Qxd8 36. Bxd5 Qxd5 0-1

[Event "IND-ch U17 Girls 20th"]
[Site "Chakradharpur"]
[Date "2009.10.12"]
[Round "9"]
[White "Agnihotri, Ghosh"]
[Black "Aparajita, Gochhikar"]
[Result "1/2-1/2"]
[WhiteElo "1771"]
[BlackElo "1861"]
[PlyCount "93"]
[EventDate "2009.10.07"]
[EventType "swiss"]
[EventRounds "11"]
[EventCountry "IND"]
[SourceTitle "CBM 132 Extra"]
[Source "ChessBase"]
[SourceDate "2009.11.03"]
[SourceVersion "1"]
[SourceVersionDate "2009.11.03"]
[SourceQuality "1"]

1. e4 d6 2. d4 Nf6 3. Nc3 g6 4. f4 Bg7 5. Nf3 0-0 6. Bc4 c6 7. 0-0 d5 8. exd5 cxd5 9. Bd3 Bg4 10. h3 Bxf3 11. Qxf3 Nc6 12. Ne2 Nb4 13. Ng3 Nxd3 14. Qxd3 e6 15. c3 Rc8 16. Bd2 Ne8 17. Nh1 Nd6 18. Be1 Qb6 19. Qe2 Nc4 20. Rf2 Qc7 21. g4 Nd6 22. Ng3 Rfe8 23. h4 Qc4 24. Qe3 f5 25. g5 Ne4 26. Rh2 b5 27. h5 Kf7 28. b3 Qc7 29. Nxe4 fxe4 30. Rc1 Qb6 31. h6 Bf8 32. Rhc2 Ba3 33. Rd1 Bd6 34. c4 bxc4 35. bxc4 Rxc4 36. Rxc4 dxc4 37. Qxe4 Qb5 38. Bg3 Qd5 39. Qe2 c3 40. Qd3 Rc8 41. Rc1 Qxa2 42. f5 Bxg3 43. fxg6+ hxg6 44. Qxg3 Qd5 45. Qf4+ Qf5 46. Qe3 c2 47. d5 1/2-1/2

[Event "IND-ch U17 Girls 20th"]
[Site "Chakradharpur"]
[Date "2009.10.10"]
[Round "6"]
[White "Mohana, Sengupta"]
[Black "Agnihotri, Ghosh"]
[Result "1-0"]
[WhiteElo "1888"]
[BlackElo "1771"]
[PlyCount "59"]
[EventDate "2009.10.07"]
[EventType "swiss"]
[EventRounds "11"]
[EventCountry "IND"]
[SourceTitle "CBM 132 Extra"]
[Source "ChessBase"]
[SourceDate "2009.11.03"]
[SourceVersion "1"]
[SourceVersionDate "2009.11.03"]
[SourceQuality "1"]

1. e4 c5 2. Nf3 Nc6 3. d4 cxd4 4. Nxd4 Nf6 5. Nc3 e5 6. Ndb5 d6 7. Bg5 a6 8. Na3 b5 9. Nd5 Be7 10. Bxf6 Bxf6 11. c3 Bg5 12. Nc2 0-0 13. a4 bxa4 14. Rxa4 a5 15. Bc4 Rb8 16. Ra2 Kh8 17. Nce3 g6 18. h4 Bxh4 19. g3 Bg5 20. b4 axb4 21. f4 f5 22. Rah2 Rb7 23. fxg5 Qxg5 24. Qf3 bxc3 25. Nxc3 Nd4 26. Qf2 Ra7 27. exf5 Nxf5 28. Nxf5 Rc7 29. Ng7 Qc1+ 30. Nd1 1-0